Homenatge a Antoni Rubió i Lluch : miscel·lània d'estudis literaris, històrics i lingüístics miscel·lània d'estudis literaris, històrics i lingüístics
Descripción Física:
3 v. ; 25'5 cm
MARC
| LEADER | 00000nam a2200000Ia 4500 | ||
|---|---|---|---|
| 001 | 11367, 11368, 11369 | ||
| 008 | 160829s1936 xx 000 0 cat d | ||
| 080 | |a H-1-49, H-1-50, H-1-51 | ||
| 100 | |a Rubió i Lluch, Antoni |9 32498 | ||
| 245 | |a Homenatge a Antoni Rubió i Lluch : |b miscel·lània d'estudis literaris, històrics i lingüístics | ||
| 260 | |a Barcelona : |b [s.n.], |c 1936 | ||
| 300 | |a 3 v. ; |c 25'5 cm | ||
| 650 | |a Literatura |x Miscel·lànies |9 32253 | ||
| 650 | |a Història |x Miscel·lànies |9 32254 | ||
| 901 | |a Arxiu | ||
| 942 | |n 1 | ||
| 952 | |0 0 |1 0 |4 0 |6 H149_H150_H151 |7 1 |9 45921 |a Arxiu |b Arxiu |d 2016-12-01 |l 0 |o H-1-49, H-1-50, H-1-51 |p 11367, 11368, 11369 |r 2016-12-01 00:00:00 |w 2016-12-01 |y ARXIU | ||
| 999 | |c 49422 |d 49422 | ||